Statistics for Best NBA Trios 2023

Click here to take the quiz!

General Stats

  • This quiz has been taken 304 times
  • The average score is 69 of 90

Answer Stats

TeamAnswer2K RatingTrio 2K Rating% Correct
76ersJames Harden89271
99%
76ersJoel Embiid96271
99%
CelticsJaylen Brown90270
98%
CelticsJayson Tatum95270
98%
LakersAnthony Davis94269
97%
LakersLeBron James96269
97%
BucksGiannis Antetokounmpo97269
95%
GrizzliesJa Morant94266
95%
BucksJrue Holiday86269
95%
NetsKevin Durant96264
95%
WarriorsKlay Thompson85265
95%
NetsKyrie Irving89264
95%
WarriorsStephen Curry96265
95%
SunsChris Paul87263
93%
SunsDevin Booker91263
93%
HeatJimmy Butler92263
93%
HeatBam Adebayo87263
92%
MavericksLuka Doncic96262
92%
BucksKhris Middleton86269
91%
NuggetsNikola Jokic96262
91%
76ersTyrese Maxey86271
91%
HawksDejounte Murray85256
90%
NuggetsJamal Murray83262
90%
ClippersKawhi Leonard91261
90%
LakersRussell Westbrook79269
90%
TrailblazersDamian Lillard91259
89%
Hawks
Trae Young
89256
89%
SunsDeandre Ayton85263
88%
CavaliersDonovan Mitchell90261
88%
ClippersPaul George89261
88%
PelicansZion Williamson92262
88%
WarriorsAndrew Wiggins84265
87%
WizardsBradley Beal87257
87%
KingsDe'Aaron Fox86253
87%
RocketsJalen Green84245
87%
TimberwolvesKarl-Anthony Towns86256
87%
CelticsRobert Williams85270
87%
PelicansBrandon Ingram86262
86%
BullsDeMar DeRozan88255
86%
GrizzliesDesmond Bane86266
86%
KingsDomantas Sabonis87253
86%
HornetsLaMelo Ball87250
86%
ThunderShai Gilgeous-Alexander91252
86%
TrailblazersAnfernee Simons84259
85%
TimberwolvesAnthony Edwards85256
85%
NetsBen Simmons79264
85%
GrizzliesJaren Jackson Jr86266
85%
RaptorsPascal Siakam89256
85%
TimberwolvesRudy Gobert85256
85%
HeatTyler Herro84263
85%
BullsZach LaVine84255
84%
CavaliersDarius Garland86261
83%
KnicksJulius Randle85254
83%
WizardsKristaps Porzingis87257
83%
KnicksJalen Brunson85254
82%
CavaliersEvan Mobley85261
78%
RaptorsFred VanVleet84256
78%
PacersTyrese Haliburton89252
78%
NuggetsAaron Gordon83262
77%
PelicansCJ McCollum84262
77%
HawksClint Capela82256
76%
BullsNikola Vucevic83255
76%
KnicksRJ Barrett84254
75%
ThunderJosh Giddey82252
73%
MagicPaolo Banchero84248
72%
WizardsKyle Kuzma83257
71%
JazzLauri Markkanen85246
70%
RaptorsScottie Barnes83256
70%
PistonsCade Cunningham84246
69%
RocketsKevin Porter Jr80245
67%
PacersMyles Turner83252
66%
MavericksSpencer Dinwiddie82262
63%
MavericksChristian Wood84262
62%
SpursKeldon Johnson83245
61%
TrailblazersJerami Grant84259
60%
HornetsTerry Rozier82250
59%
MagicFranz Wagner83248
55%
KingsKevin Huerter80253
50%
PistonsBojan Bogdanovic83246
48%
ClippersJohn Wall81261
47%
RocketsAlperen Sengun81245
43%
JazzMike Conley81246
41%
SpursDevin Vassell83245
39%
SpursJakob Poeltl79245
38%
JazzCollin Sexton80246
35%
MagicWendell Carter Jr81248
35%
HornetsKelly Oubre Jr81250
33%
PacersBennedict Mathurin80252
28%
ThunderAleksej Pokusevski79252
24%
PistonsIsaiah Stewert79246
3%

Score Distribution

Percentile by Number Answered

Percent of People with Each Score

Your Score History

You have not taken this quiz